000 00999nam a2200241Ia 4500
999 _c4132
_d4132
003 OSt
005 20200513084928.0
008 191128s1982 ck gr 000 0 spa d
040 _aCO-JMCR
_cCO-JMCR
041 0 _aspa
082 0 4 _a307.1211 /
_bA973p
100 1 _aAyala, Ulpiano,
_eautor
_94211
245 1 0 _aLa problemática urbana hoy en Colombia /
_c Ulpiano Ayala, Luz A. Fonseca, Jorge Lotero, [y otros trece]
260 _aBogotá :
_bCentro de Investigación y Educación Popular,
_c1982
300 _a332 Páginas ;
_c22 cm.
490 0 _aTeoría y Sociedad ;
_v7
505 _aLas investigaciones sobre empleo y pobresa y movimientos sociales en el CEDE de la Universida de los Andes -- Informalidad y espacio urbano habitacional -- La pequeña producción mercantil en la economía urbana
650 1 4 _aUrbanismo Sociología
_94212
650 2 4 _aEconomía urbana
_94213
700 1 _aLuz A. Fonseca,
_eautora
_94214
700 1 _aJorge Lotero,
_eautor
_94215
942 _2ddc
_cBK